Statistics for Kpop Groups

Click here to take the quiz!

General Stats

  • This quiz has been taken 13,126 times
  • The average score is 10 of 15

Answer Stats

HintAnswer% Correct
Jungkook, Suga, Rapmon ,J-Hope,V,Jin,JiminBTS
100%
Kai,D.O,Baekhyun,Chen,Chanyeol etc.EXO
95%
Seulgi,Irene,Wendy,Joy,YeriRed Velvet
93%
Jackson,Mark,Youngjae,Bambam,JB,Jr,YugyeomGot7
91%
G-Dragon,Top,Taeyang,Seungri,Daesung,Bigbang
88%
Sunny,Taeyon,Hyoyeon,Tiffany,Seohyun, etc.Girls Generation
78%
Amber,Crystal,Victoria,LunaF(X)
75%
Bobby,B.I,Jun Hoe,Jinhwan,chanwoo etc.iKon
74%
Cl,Bomb,Minzy,Dara2NE1
71%
Kyuhyun,Siwon,Eunhyuk,Donghae,Heechul,Ryeowook etc.Super Junior
71%
Hyorin,Bora,Dasom,SoyouSistar
52%
Zelo,Daehyun,Jungup,Bang Younguk,Youngjae,HimchanB.A.P
43%
L,Dongwoo,Hoya,Woohyun etc.Infinite
43%
Sunyeol,Wooshin,khun,wei,hwanhee,gyujin etc.UP10TION
19%
Zion,Sihoon,Minkee,J.Heart,Black J,ByulN-Sonic
10%

Score Distribution

Percentile by Number Answered

Percent of People with Each Score

Your Score History

You have not taken this quiz